Banner

Gestión presupuestaria / (Record no. 1263)

MARC details
000 -LEADER
campo de control de longitud fija 01021nam a22002297a 4500
001 - NÚMERO DE CONTROL
campo de control 001655
003 - IDENTIFICADOR DE NÚMERO DE CONTROL
campo de control CoMeUDC001655
005 - FECHA Y HORA DE LA ÚLTIMA TRANSACCIÓN
campo de control 20200318131146.0
008 - DATOS DE LONGITUD FIJA--INFORMACIÓN GENERAL
campo de control de longitud fija 970829s1989 00010 d
020 ## - NÚMERO INTERNACIONAL ESTÁNDAR DEL LIBRO
Número Internacional Estándar del Libro 8423406148
037 ## - FUENTE DE ADQUISICIÓN
Número de adquisición C
040 ## - FUENTE DE CATALOGACIÓN
Centro/agencia transcriptor CoMeUDC
092 ## - ASIGNACIÓN LOCAL DE SIGNATURA TOPOGRÁFICA DEWEY (OCLC)
Número de clasificación 658.154 M612g
100 20 - ENTRADA PRINCIPAL--NOMBRE DE PERSONA
Nombre de persona Meyer, Jean
245 10 - MENCIÓN DEL TÍTULO
Título Gestión presupuestaria /
Mención de responsabilidad, etc. Jean Meyer
250 ## - MENCION DE EDICION
Mención de edición 4a ed.
260 ## - PUBLICACIÓN, DISTRIBUCIÓN, ETC.
Lugar de publicación, distribución, etc. Madrid:
Nombre del editor, distribuidor, etc. Deusto,
Fecha de publicación, distribución, etc. [1989?]
300 ## - DESCRIPCIÓN FÍSICA
Extensión 318 p.
505 ## - NOTA DE CONTENIDO CON FORMATO
Nota de contenido con formato Contenido: Generalidades. La gestión presupuestaria de las ventas. La gestión presupuestaria de la distribución. La gestión presupuestaria de la producción. La gestión presupuestaria de los aprovisionamientos. La gestión presupuestaria de las inversiones. La gestión presupuestaria de la tesorería. Organización general de la empresa y gestión presupuestaria. La política general de la empresa y los documentos de síntesis. La implantación de la gestión presupuestaria
650 ## - PUNTO DE ACCESO ADICIONAL DE MATERIA--TÉRMINO DE MATERIA
Término de materia o nombre geográfico como elemento de entrada PRESUPUESTO (EMPRESAS PRIVADAS)
942 ## - ELEMENTOS DE ENTRADA SECUNDARIOS (KOHA)
Fuente del sistema de clasificación o colocación Clasificación Decimal Dewey
Tipo de ítem Koha Libros
Holdings
Estatus retirado Estado de pérdida Fuente del sistema de clasificación o colocación Estado de daño No para préstamo Colección Biblioteca de origen Biblioteca actual Fecha de adquisición Coste, precio normal de compra Signatura topográfica completa Código de barras Visto por última vez Copia número Precio de reemplazo Tipo de ítem Koha
    Clasificación Decimal Dewey     Colección general U DE COLOMBIA - Biblioteca U DE COLOMBIA - Biblioteca 18/03/2020 20.00 658.154 M612g 001655 18/03/2020 1 18/03/2020 Libros


Biblioteca Académica Corporación Universitaria U DE COLOMBIA | Teléfono: +(57) (4) 2398080 ext. 1112 | E-mail: biblioteca@udecolombia.edu.co | Dirección: Calle 56 Nº 41 – 147 (Bolivia con Girardot)
Horario de atención: lunes a viernes 8:00 a.m. a 8:00 p.m. - sábados 8:00 a.m. a 4:00 p.m.
Implementado por Grupo EGS.

Powered by Koha